000 01083nam a22003135a 4500
001 10117
003 IVS
005 20250626030538.0
008 970829s1996 enka b 000 0 eng d
010 _a 97189585
020 _a1853393339 (pbk)
035 _a(NIC)notisANT2133
035 _a(CStRLIN)NYCXANT2133-B
040 _a*UKM*
_c*UKM*
_dNN
_dCStRLIN
_dNIC
_dDLC
_dDLC
042 _alccopycat
043 _ad------
082 _a370.72 HAM
_b10117
245 0 0 _aEducating for real :
_bthe training of professionals for development practice /
_cedited by Nabeel Hambdi with Amr El-Sherif.
260 _aLondon :
_bIntermediate Technology Publications,
_c1996.
300 _axvi, 207 p. :
_bill. ;
_c23 cm.
504 _aIncludes bibliographical references.
650 0 _aCity planning
_xStudy and teaching (Higher)
_zDeveloping countries.
650 0 _aCity planners
_xTraining of
_zDeveloping countries.
700 1 _aHambdi, Nabeel.
700 1 _aEl-Sherif, Amr.
906 _a0
_bibc
_ccopycat
_d3
_encip
_f19
_gy-gencatlg
942 _2ddc
_cBK
_n0
999 _c10303
_d10303